01359nam a2200205Ia 4500952010400000999001700104008004100121020001800162050001500180100004000195245013200235260003900367300002700406500017800433505038900611519010401000650001801104650001901122942001201141 00104070a04b04d2011-11-16l27oK2271 C46p04 003724r2016-06-24s2016-06-21t1w2012-06-24yLB c62988d62988120625s2010 sp 000 0 esp d a978848126504014aK2271bC461 aCHOZAS Alonso, José Manueleautor13aEl interrogatorio de testigos en los procesos civil y penalb: su práctica ante los tribunalesc/ José Manuel Chozas Alonso3 aEspañaaMadridb: La leyc, 2010 a783 páginasc; 25 cm aAdaptado a las modificaciones introducidas por la ley 13/2009, de 3 de noviembre, de reforma de la legislación procesal para la implantación de la nueva Oficina Judicial aInterrogatorio de testigos en el proceso civil Interrogatorio de testigos en el proceso civil penal Testigo Prueba de testigos Procedimiento del interrogatorio de testigos Valoración del interrogatorio de testigos Garantias procesales Testimonios especiales Fase de instrucción Práctica de la prueba testifical en el juicio oral Valoración del interrogatorio de testigos  aPlan Flexible /bCriminalística /cTécnicas de Entrevista e Interrogatorio (B20) /d(04 003724)10aPROCESO PENAL20aJUICIOS ORALES 2lcccLB